Gentilicios aleatorios de los países del mundo - Estadísticas

Estadísticas generales
  • Esta prueba ha sido intentada 65 veces
  • La puntuación promedio es 15 de 20
Estadísticas de respuestas
País Gentilicio % Correcto
Afganistán afgano
100%
Albania albanés
100%
Angola angoleño
100%
Argentina argentino
100%
Armenia armenio
100%
Australia australiano
100%
Austria austriaco / austríaco
100%
Bélgica belga
100%
Belice beliceño
100%
Bolivia boliviano
100%
Bosnia y Herzegovina bosnio / bosnioherzegovino
100%
Brasil brasileño / brasilero
100%
Reino Unido británico
100%
Brunéi bruneano
100%
Bulgaria búlgaro
100%
Bután butanés
100%
Camboya camboyano
100%
Canadá canadiense
100%
Catar catarí / qatarí
100%
Chile chileno
100%
China chino
100%
Colombia colombiano
100%
República del Congo congoleño
100%
Corea del Norte coreano / norcoreano
100%
Corea del Sur coreano / surcoreano
100%
Croacia croata
100%
Cuba cubano
100%
Dinamarca danés
100%
Ecuador ecuatoriano
100%
Egipto egipcio
100%
Eslovenia esloveno
100%
España español
100%
Filipinas filipino
100%
Finlandia finlandés
100%
Fiyi fiyiano
100%
Francia francés
100%
Georgia georgiano
100%
Granada granadino
100%
Grecia griego
100%
Guatemala guatemalteco
100%
Guinea guineano
100%
Guyana guyanés
100%
Haití haitiano
100%
Honduras hondureño
100%
Hungría húngaro
100%
India indio
100%
Indonesia indonesio
100%
Irán iraní
100%
Irak iraquí
100%
Irlanda irlandés
100%
Islandia islandés
100%
Israel israelí
100%
Italia italiano
100%
Jamaica jamaicano / jamaiquino
100%
Japón japonés
100%
Kenia keniano / keniata
100%
Kirguistán kirguís / kirguiso
100%
Lesoto lesotense
100%
Letonia letón
100%
Líbano libanés
100%
Liechtenstein liechtensteiniano
100%
Lituania lituano
100%
Luxemburgo luxemburgués
100%
Malta maltés
100%
Mauritania mauritano
100%
México mexicano
100%
Mongolia mongol
100%
Países Bajos neerlandés
100%
Nepal nepalés / nepalí
100%
Nicaragua nicaragüense
100%
Nigeria nigeriano
100%
Noruega noruego
100%
Pakistán pakistaní
100%
Panamá panameño
100%
Paraguay paraguayo
100%
Perú peruano
100%
Polonia polaco
100%
Portugal portugués
100%
Rumania rumano
100%
Rusia ruso
100%
San Vicente y las Granadinas sanvicentino
100%
Arabia Saudita saudí / saudita
100%
Serbia serbio
100%
Siria sirio
100%
Somalia somalí
100%
Sudán sudanés
100%
Suecia sueco
100%
Suiza suizo
100%
Tailandia tailandés
100%
Taiwán taiwanés
100%
Trinidad y Tobago trinitense
100%
Túnez tunecino
100%
Turquía turco
100%
Ucrania ucraniano
100%
Uganda ugandés
100%
Uruguay uruguayo
100%
Venezuela venezolano
100%
Vietnam vietnamita
100%
Yemen yemení
100%
Camerún camerunés
83%
Marruecos marroquí
83%
Argelia argelino
80%
Eslovaquia eslovaco
80%
Etiopía etíope
80%
Malí maliense / malí
80%
Moldavia moldavo
80%
Ruanda ruandés
80%
Bangladés bangladesí
75%
República Centroafricana centroafricano
75%
Emiratos Árabes Unidos emiratí
75%
Kuwait kuwaití
75%
Liberia liberiano
75%
Mozambique mozambiqueño
75%
Namibia namibio
75%
Senegal senegalés
75%
Omán omaní
73%
Andorra andorrano
67%
Barbados barbadense
67%
Benín beninés
67%
Birmania/Myanmar birmano/myanmés
67%
Burundi burundés
67%
Gabón gabonés
67%
Laos laosiano
67%
Malasia malasio
67%
Surinam surinamés
67%
Turkmenistán turcomano / turkmeno
67%
Vanuatu vanuatuense
67%
Kiribati kiribatiano
63%
Gambia gambiano
60%
Zimbabue zimbabuense
60%
Alemania alemán
50%
Antigua y Barbuda antiguano
50%
Bahamas bahameño
50%
Bielorrusia bielorruso
50%
Botsuana botsuano
50%
Estados Unidos estadounidense
50%
Ghana ghanés
50%
Malaui malauí
50%
Maldivas maldivo
50%
Mauricio mauriciano
50%
Micronesia micronesio
50%
Níger nigerino
50%
Papúa Nueva Guinea papú
50%
Samoa samoano
50%
San Marino sanmarinense
50%
Sudán del Sur sursudanés / sudsudanés
50%
Tonga tongano
50%
Tuvalu tuvaluano
50%
Uzbekistán uzbeko
50%
Zambia zambiano
50%
Comoras comorense
40%
Dominica dominiqués
40%
Madagascar malgache
40%
Mónaco monegasco
40%
Santo Tomé y Príncipe santotomense
38%
Cabo Verde caboverdiano
33%
Eritrea eritreo
33%
Costa de Marfil marfileño
33%
Islas Salomón salomonense
33%
Seychelles seychellense
33%
Togo togolés
33%
Burkina Faso burkinés
25%
Montenegro montenegrino
25%
Singapur singapurense
25%
Palaos palauano
20%
Azerbaiyán azerbaiyano
0%
Baréin bareiní
0%
Sri Lanka ceilanés / ceilandés / esrilanqués
0%
Chad chadiano
0%
República Checa checo
0%
Chipre chipriota
0%
República Democrática del Congo congoleño
0%
Costa Rica costarricense
0%
República Dominicana dominicano
0%
Guinea Ecuatorial ecuatoguineano
0%
Estonia estonio
0%
Guinea-Bisáu guineano
0%
Jordania jordano
0%
Kazajistán kazajo
0%
Kosovo kosovar
0%
Libia libio
0%
Macedonia macedonio
0%
Islas Marshall marshalés
0%
Nauru nauruano
0%
Nueva Zelanda neozelandés
0%
El Salvador salvadoreño
0%
San Cristóbal y Nieves sancristobaleño
0%
Santa Lucía santalucense
0%
Sierra Leona sierraleonés
0%
Esuatini suazi
0%
Sudáfrica sudafricano
0%
Tanzania tanzano
0%
Tayikistán tayiko
0%
Timor Oriental timorense
0%
Ciudad del Vaticano vaticano
0%
Yibuti yibutiano
0%
No se encontraron pruebas coincidentes
Distribución de puntuación
Porcentaje de gente con cada puntuación
Porcentaje por número respondido
Historial de tus puntuaciones
No has intentado esta prueba.